Tratado general de diagnóstico y terapeútica roentgénicos / (Record no. 87374)

MARC details
000 -LEADER
campo de control de longitud fija 00818nam a2200193 i 4500
001 - NÚMERO DE CONTROL
campo de control 87374
003 - IDENTIFICADOR DE NÚMERO DE CONTROL
campo de control ES-MaACL
007 - CAMPO FIJO DE DESCRIPCIÓN FÍSICA--INFORMACIÓN GENERAL
campo de control de longitud fija t|
008 - DATOS DE LONGITUD FIJA--INFORMACIÓN GENERAL
campo de control de longitud fija 041221s1932 sp ||||1| spa d
100 1# - ENTRADA PRINCIPAL--NOMBRE DE PERSONA
Nombre de persona Kohlmann, Gerd.
9 (RLIN) 68487
245 10 - MENCIÓN DEL TÍTULO
Título Tratado general de diagnóstico y terapeútica roentgénicos /
Mención de responsabilidad, etc. por Gerd Kohlmann ; con la colaboracion de Ernesto andersen ... [et al.] ; traducido del alemán por Francisco J. Cortada y Pastells.
250 ## - MENCION DE EDICION
Mención de edición 1ª ed.
260 ## - PUBLICACIÓN, DISTRIBUCIÓN, ETC.
Lugar de publicación, distribución, etc. Barcelona :
Nombre del editor, distribuidor, etc. Francisco Seix,
Fecha de publicación, distribución, etc. 1932 (
Fabricante Gráfica Moderna de Lorenzo Cortina)
300 ## - DESCRIPCIÓN FÍSICA
Extensión XVII, 1003 p., 8 lám. :
Otras características físicas il. ;
Dimensiones 24 cm.
500 ## - NOTA GENERAL
Nota general Con un apéndice acerca del empleo terapeútico de las substancias radioactivas.
700 1# - ENTRADA AGREGADA--NOMBRE PERSONAL
Nombre de persona Andersen, Ernesto.
9 (RLIN) 21433
700 1# - ENTRADA AGREGADA--NOMBRE PERSONAL
Nombre de persona Cortada y Pastells, J.
9 (RLIN) 40811
852 ## - LOCALIZACIÓN
Ubicación ES-MaACL
Número de control de estantería E-596
Sublocalización o colección R.21524
Holdings
Estatus retirado Estado de pérdida Estado de daño No para préstamo Biblioteca de origen Biblioteca actual Ubicación en estantería Fecha de adquisición Fuente de adquisición Total de préstamos Signatura topográfica completa Código de barras Visto por última vez Precio de reemplazo Tipo de ítem Koha
        Biblioteca del Ateneo de Madrid Biblioteca del Ateneo de Madrid Depósito 2 17/01/2008     E-596 1091282 23/02/2023 23/02/2023 Libro impreso